Statistics for Portugal First Level Subdivisions

Click here to take the quiz!

General Stats

  • This quiz has been taken 269 times
  • The average score is 13 of 20

Answer Stats

Distritos% Correct
Lisbon
98%
Porto
92%
Faro
83%
Azores
77%
Braga
75%
Madeira
70%
Setúbal
65%
Coimbra
63%
Beja
60%
Bragança
59%
Aveiro
58%
Vila Real
54%
Castelo Branco
53%
Évora
53%
Leiria
52%
Portalegre
51%
Viseu
50%
Guarda
49%
Santarém
49%
Viana do Castelo
49%

Score Distribution

Percentile by Number Answered

Percent of People with Each Score

Your Score History

You have not taken this quiz